000 00699cam a22002417a 4500
001 000132
003 armpunfd
005 20140612090559.0
008 011119s1984##xx#a##########000#0#und#d
040 _aarmpunfd
_carmpunfd
080 _a341.241 G 165
100 1 0 _a Jodl, Carlos
245 1 0 _aTratados y documentos internacionales
260 _a Buenos Aires :
_b Garcia Ghirelli,
_c1984.
300 _a909 p.
500 _acon: tratados y documentos internacionales : addenda.
650 7 _a Tratados Internacionales
_2LEMB
700 1 0 _aGarcia Ghirelli, Jose I.
942 _cLB
_2cdu
945 _aCatalis
_d2010-08-19
945 _aCatalis
_d2010-08-19
945 _aCatalis
_d2010-08-19
999 _c130
_d230634